| 000 | 00628cam a22002171 4500 | ||
|---|---|---|---|
| 001 | ca 36000370 | ||
| 003 | DLC | ||
| 005 | 20260227111141.0 | ||
| 008 | 790508s1936 xx 000 0 eng | ||
| 010 | _aca 36000370 | ||
| 035 | _a(OCoLC)4941832 | ||
| 040 |
_aDLC _cOCl _dDLC |
||
| 042 | _apremarc | ||
| 050 | 0 | 0 |
_aPS3513.L357 _bC5 1936 |
| 082 | _a812.5 | ||
| 100 | 1 | _aGlass, Everett. | |
| 245 | 1 | 0 |
_aChiseling chiselers; _ba comedy in three acts, _cby Everett Glass. |
| 260 |
_aBoston, Mass., _aLos Angeles, Cal. _b[Walter H. Baker company, _cc1936] |
||
| 300 |
_a96 p. _bdiagr. _c19 cm. |
||
| 490 | 0 | _aBaker's edition of plays | |
| 999 |
_c18072 _d18072 |
||